000 00731nam a22002297a 4500
003 UA-OsUOA
001 53054
007 ta
008 20150917b un ||||| |||| 00| 0 ukr d
090 _a81'374.4
_bЕ88
942 _cBK
040 _aUA-OsUOA
_bukr
_cUA-OsUOA
_dUA-OsUOA
245 _aЕтимологічний словник української мови
_b1
_cА-Г
300 _a632 с.
955 _a4
041 _aukr
080 _a81'374.4
260 _aК.
_c1982
650 7 _a8 Мовознавство. Художня література. Літературознавство
_2UDC
999 _c433176
_d433176